[Event "Liga Madrileña - DH 2012-2013"]
[Site "Madrid ESP"]
[Date "2013.02.17"]
[Round "10.31"]
[White "Vallejo Diaz, Javier"]
[Black "Ortega Ruiz, Jose Miguel"]
[Result "1-0"]
[WhiteElo "2401"]
[BlackElo "2323"]
[PlyCount "103"]
[EventDate "2012.11.18"]
[EventRounds "14"]
[EventCountry "ESP"]
[Source "lmi"]
[SourceDate "2012.11.18"]
[WhiteTeam "Amigos del Retiro"]
[BlackTeam "Cafe Comercial"]
[WhiteTeamCountry "ESP"]
[BlackTeamCountry "ESP"]

1. e4 e5 2. Nf3 Nc6 3. Bb5 Bc5 4. O-O Nf6 5. d3 d6 6. c3 O-O 7. Be3 Bb6 8. Nbd2
Ne7 9. d4 Ng6 10. h3 Qe7 11. Qc2 Nh5 12. Nc4 Nhf4 13. Bxf4 Nxf4 14. dxe5 dxe5
15. Ncxe5 c6 16. Bd3 Bc7 17. Nc4 Bxh3 18. Ne3 Qe6 19. e5 g6 20. Bc4 Bf5 21. Qd2
Qc8 22. g3 Nh3+ 23. Kg2 Be4 24. Be2 Rd8 25. Qc1 Ng5 26. Rh1 Bxe5 27. Rh4 Qe6
28. Rxe4 Nxe4 29. Bc4 Qe7 30. Ng4 Bg7 31. Nh6+ Bxh6 32. Qxh6 Qf8 33. Qf4 Nd6
34. Bb3 c5 35. Bd5 Nf5 36. Bc4 Qd6 37. Ne5 Kg7 38. Bxf7 Rf8 39. Bc4 b5 40. Bb3
Rae8 41. Re1 Nd4 42. Qe3 Nf3 43. Rh1 h5 44. Rd1 Qxe5 45. Rd7+ Kf6 46. Qxf3+ Kg5
47. Rf7 Rxf7 48. Qxf7 Qe4+ 49. Kg1 Re7 50. Qf8 c4 51. Bc2 Qe6 52. Qf4# 1-0

[Event "Liga Madrileña - DH 2012-2013"]
[Site "Madrid ESP"]
[Date "2013.02.17"]
[Round "10.32"]
[White "Arruebarrena, Rafael"]
[Black "Martin Rueda, Daniel"]
[Result "0-1"]
[WhiteElo "2245"]
[BlackElo "2290"]
[PlyCount "66"]
[EventDate "2012.11.18"]
[EventRounds "14"]
[EventCountry "ESP"]
[Source "lmi"]
[SourceDate "2012.11.18"]
[WhiteTeam "Cafe Comercial"]
[BlackTeam "Amigos del Retiro"]
[WhiteTeamCountry "ESP"]
[BlackTeamCountry "ESP"]

1. e4 c5 2. Nf3 d6 3. d4 cxd4 4. Nxd4 Nf6 5. Nc3 e6 6. Be2 a6 7. O-O Nbd7 8. f4
b5 9. Bf3 Bb7 10. e5 Bxf3 11. Nxf3 dxe5 12. fxe5 Ng4 13. Qe2 b4 14. Ne4 Ndxe5
15. Bf4 Ng6 16. Rad1 Qb6+ 17. Nd4 h5 18. Kh1 Rd8 19. Nf5 Rxd1 20. Rxd1 Nxf4 21.
Qc4 Bc5 22. Ned6+ Kf8 23. Rf1 Ne3 24. Nxe3 Qxd6 25. Rxf4 Bxe3 26. Qc8+ Ke7 27.
Qb7+ Kd8 28. Qa8+ Ke7 29. Qb7+ Ke8 30. Qc8+ Qd8 31. Rc4 Bb6 32. Qc6+ Kf8 33.
Qf3 Rh6 0-1

[Event "Liga Madrileña - DH 2012-2013"]
[Site "Madrid ESP"]
[Date "2013.02.17"]
[Round "10.33"]
[White "Sanchez Gonzalez, Sergio"]
[Black "Hinojar Diez, David"]
[Result "0-1"]
[WhiteElo "2295"]
[BlackElo "2172"]
[PlyCount "98"]
[EventDate "2012.11.18"]
[EventRounds "14"]
[EventCountry "ESP"]
[Source "lmi"]
[SourceDate "2012.11.18"]
[WhiteTeam "Amigos del Retiro"]
[BlackTeam "Cafe Comercial"]
[WhiteTeamCountry "ESP"]
[BlackTeamCountry "ESP"]

1. c4 e5 2. Nc3 Nc6 3. e3 Nf6 4. Nf3 d6 5. d4 exd4 6. Nxd4 Nxd4 7. Qxd4 Be7 8.
b3 O-O 9. Bb2 c6 10. Be2 Qa5 11. O-O Qe5 12. Qd2 Qg5 13. f4 Qh4 14. f5 Qg5 15.
Bd3 d5 16. cxd5 Bc5 17. Rf3 cxd5 18. Rg3 Qh6 19. Ne2 Ng4 20. Bxg7 Qxg7 21. Rf1
Re8 22. Rff3 Rxe3 23. Rxe3 Qg5 24. Rxg4 Qxg4 25. Kh1 Bxe3 26. Qxe3 Bxf5 27. h3
Qg6 28. Nf4 Qf6 29. Nxd5 Qa1+ 30. Kh2 Bxd3 31. Qxd3 Qe5+ 32. Qg3+ Qxg3+ 33.
Kxg3 Rd8 34. Nf6+ Kg7 35. Ne4 b6 36. Kf4 Rd1 37. Ke3 Ra1 38. a4 Re1+ 39. Kd3 f5
40. Nf2 Rb1 41. Kc3 Rg1 42. g4 Rg2 43. Nd3 fxg4 44. hxg4 Rxg4 45. b4 h5 46. Nf2
Rg2 47. Nh1 Kf6 48. Kc4 h4 49. Kb3 Rh2 0-1

[Event "Liga Madrileña - DH 2012-2013"]
[Site "Madrid ESP"]
[Date "2013.02.17"]
[Round "10.34"]
[White "Bertino, Paolo"]
[Black "Perez Gonzalez, Jose Manuel"]
[Result "1/2-1/2"]
[WhiteElo "2067"]
[BlackElo "2314"]
[PlyCount "79"]
[EventDate "2012.11.18"]
[EventRounds "14"]
[EventCountry "ESP"]
[Source "lmi"]
[SourceDate "2012.11.18"]
[WhiteTeam "Cafe Comercial"]
[BlackTeam "Amigos del Retiro"]
[WhiteTeamCountry "ESP"]
[BlackTeamCountry "ESP"]

1. d4 c5 2. d5 Nf6 3. Nc3 g6 4. e4 d6 5. h3 Bg7 6. Bd3 O-O 7. Nge2 Na6 8. O-O
Rb8 9. a4 Nb4 10. Ng3 b6 11. Bg5 Nxd3 12. Qxd3 Ne8 13. f4 Nc7 14. Rf3 a6 15.
Re1 f6 16. Bh4 b5 17. Qd2 bxa4 18. Nxa4 Bd7 19. b3 Bxa4 20. bxa4 Rb4 21. Ra3
Qd7 22. Rea1 Rfb8 23. c3 Rb2 24. Qd3 Qc8 25. Nf1 Bh6 26. f5 gxf5 27. exf5 Kh8
28. g4 Qg8 29. c4 Bf4 30. Re1 Qg7 31. Re4 Qh6 32. Be1 Be5 33. Bc3 R2b3 34. Rxb3
Rxb3 35. Rxe5 Rxc3 36. Qxc3 fxe5 37. Qa5 Ne8 38. Qd8 Qf8 39. Qa8 Kg8 40. Qxa6
1/2-1/2

[Event "Liga Madrileña - DH 2012-2013"]
[Site "Madrid ESP"]
[Date "2013.02.17"]
[Round "10.35"]
[White "Fernandez Garcia, Miguel Angel"]
[Black "Beltran Redrado, Jose Antonio"]
[Result "1-0"]
[WhiteElo "2307"]
[BlackElo "2009"]
[PlyCount "99"]
[EventDate "2012.11.18"]
[EventRounds "14"]
[EventCountry "ESP"]
[Source "lmi"]
[SourceDate "2012.11.18"]
[WhiteTeam "Amigos del Retiro"]
[BlackTeam "Cafe Comercial"]
[WhiteTeamCountry "ESP"]
[BlackTeamCountry "ESP"]

1. d4 Nf6 2. c4 g6 3. Nc3 d5 4. Nf3 Bg7 5. Bg5 Ne4 6. Bf4 Nxc3 7. bxc3 O-O 8.
e3 c5 9. cxd5 Qxd5 10. Qb3 Qxb3 11. axb3 Bf5 12. Be5 Bxe5 13. Nxe5 cxd4 14.
exd4 Nd7 15. Nxd7 Bxd7 16. Bd3 Bc6 17. O-O Rfd8 18. Rfe1 e6 19. f4 a6 20. g4
Rac8 21. Kf2 Bb5 22. c4 Bc6 23. Ke3 Rc7 24. Red1 f5 25. Be2 Rcd7 26. h4 Be4 27.
b4 Kf8 28. Rd2 Ke7 29. c5 Bc6 30. g5 Rh8 31. Bf3 Bd5 32. Bxd5 exd5 33. Kf3 Re8
34. Re2+ Kf7 35. Re5 Rxe5 36. fxe5 Re7 37. b5 Re6 38. c6 bxc6 39. b6 Re8 40.
Rxa6 Rb8 41. Kf4 Ke6 42. h5 Rb7 43. h6 Rb8 44. Ke3 Rb7 45. Ra7 Rxb6 46. Rxh7
Rb3+ 47. Kd2 c5 48. Rg7 cxd4 49. Rxg6+ Kxe5 50. h7 1-0

[Event "Liga Madrileña - DH 2012-2013"]
[Site "Madrid ESP"]
[Date "2013.02.17"]
[Round "10.36"]
[White "Cardena Contreras, Javier"]
[Black "Paredes Sanchez, Juan Antonio"]
[Result "0-1"]
[WhiteElo "1952"]
[BlackElo "2205"]
[PlyCount "76"]
[EventDate "2012.11.18"]
[EventRounds "14"]
[EventCountry "ESP"]
[Source "lmi"]
[SourceDate "2012.11.18"]
[WhiteTeam "Cafe Comercial"]
[BlackTeam "Amigos del Retiro"]
[WhiteTeamCountry "ESP"]
[BlackTeamCountry "ESP"]

1. e4 c5 2. Nf3 d6 3. d4 cxd4 4. Nxd4 Nf6 5. Nc3 a6 6. Bg5 e6 7. f4 Qc7 8. Qf3
b5 9. Bd3 Nbd7 10. O-O-O Be7 11. g4 b4 12. Nce2 Qb6 13. Nb3 Bb7 14. Ng3 a5 15.
Rhe1 O-O 16. Nh5 Rfc8 17. Qh3 e5 18. Nxg7 Kxg7 19. Bh6+ Kh8 20. g5 Ng8 21. Qxd7
a4 22. Nd2 a3 23. b3 Rc7 24. Qf5 Qd4 25. Nc4 Qa1+ 26. Kd2 Qc3+ 27. Ke2 Bc8 28.
Qxf7 Bg4+ 29. Kf2 Nxh6 30. Qd5 Rf8 31. gxh6 Bh4+ 32. Kg2 Bxe1 33. Qxd6 Rcf7 34.
Rxe1 Qxe1 35. Qxe5+ Rf6 36. Qe7 Bf3+ 37. Kxf3 Rxf4+ 38. Kg2 Rg8+ 0-1

[Event "Liga Madrileña - DH 2012-2013"]
[Site "Madrid ESP"]
[Date "2013.02.17"]
[Round "10.41"]
[White "Moreno Trujillo, Alejandro"]
[Black "Candela Perez, Jose"]
[Result "1/2-1/2"]
[WhiteElo "2509"]
[BlackElo "2393"]
[PlyCount "88"]
[EventDate "2012.11.18"]
[EventRounds "14"]
[EventCountry "ESP"]
[Source "lmi"]
[SourceDate "2012.11.18"]
[WhiteTeam "64 Villalba"]
[BlackTeam "Casa del Ajedrez"]
[WhiteTeamCountry "ESP"]
[BlackTeamCountry "ESP"]

1. d4 d5 2. Bf4 e6 3. e3 Bd6 4. Bg3 Nf6 5. Nd2 b6 6. c4 O-O 7. Ngf3 Bb7 8. Bd3
Nbd7 9. Qc2 Rc8 10. Rc1 Qe7 11. cxd5 exd5 12. Qa4 a6 13. Bxd6 Qxd6 14. O-O c5
15. Qa3 Ne4 16. Bxe4 dxe4 17. Nc4 Qe6 18. Nfe5 Nxe5 19. dxe5 Bd5 20. Qxa6 Ra8
21. Qb5 Bxc4 22. Rxc4 Ra5 23. Qb3 Qxe5 24. Qxb6 Rxa2 25. Rxc5 Qxb2 26. Qxb2
Rxb2 27. g4 Re8 28. Rfc1 g6 29. Rc8 Rxc8 30. Rxc8+ Kg7 31. Rc4 f5 32. g5 Rb7
33. Kg2 h6 34. h4 hxg5 35. hxg5 Rd7 36. Rc1 Kf7 37. Kg3 Rd2 38. Rc7+ Kf8 39.
Kf4 Rd5 40. Ra7 Kg8 41. Re7 Kf8 42. Re5 Rxe5 43. Kxe5 Ke7 44. Kd5 Kd7 1/2-1/2

[Event "Liga Madrileña - DH 2012-2013"]
[Site "Madrid ESP"]
[Date "2013.02.17"]
[Round "10.42"]
[White "Gallego Jimenez, Victoriano"]
[Black "Huerga Leache, Mikel"]
[Result "1/2-1/2"]
[WhiteElo "2385"]
[BlackElo "2450"]
[PlyCount "111"]
[EventDate "2012.11.18"]
[EventRounds "14"]
[EventCountry "ESP"]
[Source "lmi"]
[SourceDate "2012.11.18"]
[WhiteTeam "Casa del Ajedrez"]
[BlackTeam "64 Villalba"]
[WhiteTeamCountry "ESP"]
[BlackTeamCountry "ESP"]

1. d4 Nf6 2. c4 c5 3. d5 b5 4. cxb5 a6 5. bxa6 g6 6. Nc3 Bxa6 7. e4 Bxf1 8.
Kxf1 d6 9. Nf3 Bg7 10. g3 O-O 11. Kg2 Nbd7 12. Re1 Qa5 13. e5 Ng4 14. exd6 exd6
15. Bf4 Rfb8 16. Re2 Qa6 17. Rc1 Rb4 18. Rcc2 Nge5 19. Bxe5 Nxe5 20. Nxe5 Bxe5
21. Re3 Qb7 22. b3 Ra3 23. Ne2 Qa8 24. Qd2 h5 25. h4 Bd4 26. Nxd4 Rxd4 27. Qe2
Qxd5+ 28. Qf3 Qxf3+ 29. Kxf3 Rd1 30. Ree2 Kf8 31. Red2 Rxd2 32. Rxd2 Ke7 33.
Kf4 Ke6 34. Kg5 d5 35. Re2+ Kd6 36. Kf6 Ra7 37. f3 d4 38. g4 c4 39. bxc4 Kc5
40. gxh5 gxh5 41. Re5+ Kxc4 42. Rxh5 d3 43. Rg5 Rxa2 44. f4 Rf2 45. f5 d2 46.
Rg1 Kd3 47. h5 Ke4 48. Kxf7 Rxf5+ 49. Kg6 Rf8 50. Rd1 Rg8+ 51. Kf6 Ke3 52. h6
Ke2 53. Rxd2+ Kxd2 54. h7 Rh8 55. Kg7 Rxh7+ 56. Kxh7 1/2-1/2

[Event "Liga Madrileña - DH 2012-2013"]
[Site "Madrid ESP"]
[Date "2013.02.17"]
[Round "10.43"]
[White "Bolado Saez, Sergio"]
[Black "Elguezabal Varela, Daniel"]
[Result "1-0"]
[WhiteElo "2388"]
[BlackElo "2366"]
[PlyCount "99"]
[EventDate "2012.11.18"]
[EventRounds "14"]
[EventCountry "ESP"]
[Source "lmi"]
[SourceDate "2012.11.18"]
[WhiteTeam "64 Villalba"]
[BlackTeam "Casa del Ajedrez"]
[WhiteTeamCountry "ESP"]
[BlackTeamCountry "ESP"]

1. c4 Nf6 2. Nf3 c6 3. d4 d5 4. e3 Bf5 5. Nc3 e6 6. Nh4 Bg6 7. Nxg6 hxg6 8. Qc2
Nbd7 9. Bd2 Bd6 10. O-O-O e5 11. cxd5 Nxd5 12. Nxd5 cxd5 13. Qb3 O-O 14. Qxd5
Nf6 15. Qf3 Qb6 16. Kb1 Rac8 17. Bc1 Rfe8 18. Qe2 exd4 19. Rxd4 Ne4 20. Qb5
Nxf2 21. Qxb6 axb6 22. Rxd6 Nxh1 23. Rxb6 Rc7 24. b3 Nf2 25. Be2 Rd8 26. a4 Ne4
27. Kb2 Rdd7 28. Rb4 Nc5 29. Rc4 Ne6 30. a5 Kf8 31. Kc3 Rxc4+ 32. Bxc4 Ke7 33.
b4 Kd6 34. e4 Kc7 35. Bd5 Kd6 36. Be3 f5 37. Bb6 fxe4 38. Bxe4 Ke5 39. Bc2 Rd6
40. b5 Nf4 41. Kc4 Nd5 42. Bd4+ Ke6 43. Bxg6 Rd7 44. Be4 Rc7+ 45. Kb3 Rf7 46.
Bf3 Kd6 47. a6 bxa6 48. bxa6 Nc7 49. a7 Rf8 50. Bxg7 1-0

[Event "Liga Madrileña - DH 2012-2013"]
[Site "Madrid ESP"]
[Date "2013.02.17"]
[Round "10.44"]
[White "Suarez Uriel, Adrian"]
[Black "Renteria Becerra, Jorge Elicer"]
[Result "1-0"]
[WhiteElo "2241"]
[BlackElo "2300"]
[PlyCount "109"]
[EventDate "2012.11.18"]
[EventRounds "14"]
[EventCountry "ESP"]
[Source "lmi"]
[SourceDate "2012.11.18"]
[WhiteTeam "Casa del Ajedrez"]
[BlackTeam "64 Villalba"]
[WhiteTeamCountry "ESP"]
[BlackTeamCountry "ESP"]

1. e4 c5 2. Ne2 d6 3. g3 Nc6 4. Bg2 g6 5. c3 Bg7 6. d4 cxd4 7. cxd4 e5 8. Be3
Bg4 9. f3 Bc8 10. Nbc3 Nge7 11. d5 Nb8 12. O-O O-O 13. Rc1 Bd7 14. Qb3 b6 15.
Nb5 Bxb5 16. Qxb5 Nd7 17. Bg5 Nc5 18. Nc3 a6 19. Qe2 b5 20. b4 Nd7 21. a4 bxa4
22. Nxa4 f6 23. Be3 Qb8 24. Qb2 Qb5 25. Nc3 Qb7 26. b5 axb5 27. Nxb5 Rab8 28.
Rb1 Nc8 29. Rfc1 Nc5 30. Qc2 Qd7 31. Nxd6 Nxd6 32. Qxc5 Rxb1 33. Rxb1 Rc8 34.
Qa7 Rc7 35. Qa8+ Kf7 36. Bf1 Rc3 37. Ra1 Nc8 38. Rb1 Nd6 39. Qb8 Bf8 40. Ra1
Nc8 41. Bb5 Qd6 42. Qb7+ Be7 43. Bf2 Rc7 44. Qa6 Qxa6 45. Rxa6 Rc1+ 46. Kg2 Nd6
47. Bd7 f5 48. exf5 gxf5 49. Be6+ Kf6 50. g4 Rc2 51. Bxf5 Rd2 52. Kf1 Kf7 53.
Be6+ Kf8 54. Ra8+ Ne8 55. Bd7 1-0

[Event "Liga Madrileña - DH 2012-2013"]
[Site "Madrid ESP"]
[Date "2013.02.17"]
[Round "10.46"]
[White "Collado Barbas, Laura"]
[Black "Gutierrez Diaz, Pablo"]
[Result "1-0"]
[WhiteElo "2151"]
[BlackElo "1641"]
[PlyCount "90"]
[EventDate "2012.11.18"]
[EventRounds "14"]
[EventCountry "ESP"]
[Source "lmi"]
[SourceDate "2012.11.18"]
[WhiteTeam "Casa del Ajedrez"]
[BlackTeam "64 Villalba"]
[WhiteTeamCountry "ESP"]
[BlackTeamCountry "ESP"]

1. d4 Nf6 2. c4 e6 3. Nc3 Bb4 4. Qc2 O-O 5. e4 d5 6. e5 Ne4 7. Bd3 c5 8. Nf3
cxd4 9. Nxd4 Nc5 10. Bxh7+ Kh8 11. h4 dxc4 12. Be3 Qd5 13. Nf3 Bxc3+ 14. bxc3
Bd7 15. Bxc5 Qxc5 16. O-O Bc6 17. Ng5 Nd7 18. Bg8 g6 19. Bxf7 Rxf7 20. Nxf7+
Kg7 21. Ng5 Qd5 22. f3 Nxe5 23. Rae1 Re8 24. Re3 Nd3 25. Qe2 e5 26. Ne4 Rh8 27.
g3 Qa5 28. Nf2 Rd8 29. Nxd3 cxd3 30. Rxd3 Rxd3 31. Qxd3 Qc5+ 32. Rf2 Bb5 33.
Qd2 a5 34. Kg2 Bc6 35. Re2 Qf8 36. Re3 Qf6 37. Qe2 b5 38. Kh2 a4 39. Rxe5 Bxf3
40. Qxb5 Bg4 41. Qb7+ Kh6 42. Qe4 Qf2+ 43. Qg2 Qf6 44. Qd2+ Kh7 45. Qf4 Qd6 1-0

[Event "Liga Madrileña - DH 2012-2013"]
[Site "Madrid ESP"]
[Date "2013.02.24"]
[Round "11.11"]
[White "Moreno Trujillo, Alejandro"]
[Black "Adan Bermudez, Sergio"]
[Result "1-0"]
[WhiteElo "2509"]
[BlackElo "2285"]
[PlyCount "87"]
[EventDate "2012.11.18"]
[EventRounds "14"]
[EventCountry "ESP"]
[Source "lmi"]
[SourceDate "2012.11.18"]
[WhiteTeam "64 Villalba"]
[BlackTeam "Pueblo Nuevo"]
[WhiteTeamCountry "ESP"]
[BlackTeamCountry "ESP"]

1. d4 d6 2. Nf3 g6 3. c4 Bg7 4. e4 Bg4 5. Be2 Bxf3 6. Bxf3 Nc6 7. Be3 e5 8. d5
Nd4 9. Bxd4 exd4 10. Nd2 Nf6 11. O-O O-O 12. Nb3 Nd7 13. Qd2 Qf6 14. Be2 d3 15.
Bxd3 Qxb2 16. Qxb2 Bxb2 17. Rab1 Bg7 18. c5 dxc5 19. Bb5 Nf6 20. Nxc5 b6 21.
Nd7 Nxe4 22. Nxf8 Rxf8 23. Rfc1 Nc3 24. Rb3 Nxd5 25. Bc4 Ne7 26. Rd3 Be5 27.
Re1 Bf6 28. Rd7 Nc6 29. Rxc7 Ne5 30. Bb3 a5 31. Rd1 g5 32. Rb7 Bd8 33. Rd5 Nc6
34. g3 Kg7 35. Kg2 h6 36. Rf5 Ne7 37. Rf3 g4 38. Rd3 Ng6 39. Bxf7 Ne5 40. Bb3+
Kh8 41. Rd6 Bf6 42. h3 h5 43. hxg4 Nxg4 44. Rdd7 1-0

[Event "Liga Madrileña - DH 2012-2013"]
[Site "Madrid ESP"]
[Date "2013.02.24"]
[Round "11.12"]
[White "Fernandez Lledo, Javier"]
[Black "Taboas Rodriguez, Daniel"]
[Result "0-1"]
[WhiteElo "2238"]
[BlackElo "2404"]
[PlyCount "164"]
[EventDate "2012.11.18"]
[EventRounds "14"]
[EventCountry "ESP"]
[Source "lmi"]
[SourceDate "2012.11.18"]
[WhiteTeam "Pueblo Nuevo"]
[BlackTeam "64 Villalba"]
[WhiteTeamCountry "ESP"]
[BlackTeamCountry "ESP"]

1. Nf3 Nf6 2. c4 g6 3. Nc3 Bg7 4. g3 b6 5. Bg2 Bb7 6. O-O O-O 7. d4 Ne4 8. Qc2
Nxc3 9. bxc3 Nc6 10. Rb1 Rb8 11. Bf4 Ba6 12. c5 bxc5 13. d5 Rxb1 14. Rxb1 Nb8
15. c4 d6 16. Bh3 c6 17. Qa4 cxd5 18. Rxb8 Qxb8 19. Qxa6 Qb6 20. Qa4 Qb1+ 21.
Bf1 dxc4 22. Qxc4 Qb4 23. e4 Qxc4 24. Bxc4 Rd8 25. Be3 e6 26. Bb3 Bf8 27. Bg5
Rd7 28. Kf1 Be7 29. Bxe7 Rxe7 30. Ne1 Kg7 31. Nd3 Rc7 32. Bc4 Rd7 33. Bb3 Rc7
34. Bc4 Kf6 35. Ke2 Ke7 36. Ke3 Kd7 37. Bb5+ Kc8 38. Ba6+ Kb8 39. h4 Rc6 40.
Bc4 Kb7 41. h5 Rc7 42. Kf4 Kc6 43. a4 d5 44. Bb5+ Kd6 45. e5+ Ke7 46. g4 gxh5
47. gxh5 h6 48. Ke3 Rc8 49. f4 a5 50. Nf2 Rg8 51. Kf3 Rg1 52. Ng4 Rh1 53. Nf6
c4 54. Ke3 Rh3+ 55. Ke2 Rh2+ 56. Kd1 Rf2 57. Bc6 Rxf4 58. Ng8+ Kf8 59. Nf6 Rf2
60. Ke1 Rh2 61. Bb5 c3 62. Kd1 d4 63. Kc1 Rf2 64. Bc4 Kg7 65. Ne8+ Kh8 66. Nd6
Kg8 67. Nb7 Rd2 68. Nc5 Rh2 69. Nd7 Kg7 70. Nf6 Rf2 71. Ne8+ Kf8 72. Nf6 Rh2
73. Bb5 Rg2 74. Bc6 Rd2 75. Bb5 Rh2 76. Bc4 Ke7 77. Bb5 Kd8 78. Bc4 Kc7 79.
Ne8+ Kc6 80. Bb5+ Kc5 81. Nd6 Kb4 82. Nxf7 Kb3 0-1

[Event "Liga Madrileña - DH 2012-2013"]
[Site "Madrid ESP"]
[Date "2013.02.24"]
[Round "11.13"]
[White "Bolado Saez, Sergio"]
[Black "Navarro Nicolas, Victor Manuel"]
[Result "0-1"]
[WhiteElo "2388"]
[BlackElo "2211"]
[PlyCount "120"]
[EventDate "2012.11.18"]
[EventRounds "14"]
[EventCountry "ESP"]
[Source "lmi"]
[SourceDate "2012.11.18"]
[WhiteTeam "64 Villalba"]
[BlackTeam "Pueblo Nuevo"]
[WhiteTeamCountry "ESP"]
[BlackTeamCountry "ESP"]

1. d4 Nf6 2. Nf3 g6 3. c4 Bg7 4. Nc3 d5 5. Bg5 Ne4 6. Bh4 Nxc3 7. bxc3 dxc4 8.
e4 b5 9. a4 c6 10. Be2 Nd7 11. O-O Nb6 12. a5 Nd7 13. Nd2 c5 14. e5 Bb7 15. Qb1
Bc6 16. Ne4 O-O 17. Rd1 cxd4 18. cxd4 Bxe4 19. Qxe4 Rb8 20. f4 f6 21. Qd5+ e6
22. Qxe6+ Kh8 23. Bg4 Rb7 24. Qd5 Rc7 25. Qxb5 g5 26. Bf2 gxf4 27. e6 f5 28.
Bxf5 Nf6 29. d5 Ne8 30. Qb1 Nd6 31. Bg4 Rb7 32. Qc1 Ne4 33. Bd4 Qh4 34. Qxc4
Qxg4 35. Bxg7+ Qxg7 36. Qxe4 Rb2 37. Rac1 f3 38. Rc2 Rxc2 39. Qxc2 f2+ 40. Kf1
Qe5 41. g3 Qh5 42. Kg2 Qf3+ 43. Kf1 Qh1+ 44. Ke2 f1=Q+ 45. Rxf1 Qxf1+ 46. Ke3
Qe1+ 47. Kd3 Qxa5 48. Ke4 Qe1+ 49. Kd4 Qa1+ 50. Ke4 Qf6 51. Qc5 Qf5+ 52. Kd4
Qf2+ 53. Kc4 Qxc5+ 54. Kxc5 Kg7 55. d6 Kf6 56. Kd5 Rb8 57. g4 Rg8 58. h3 a5 59.
e7 a4 60. Kc6 Ke6 0-1

[Event "Liga Madrileña - DH 2012-2013"]
[Site "Madrid ESP"]
[Date "2013.02.24"]
[Round "11.14"]
[White "Barez Menendez, Hector"]
[Black "Renteria Becerra, Jorge Elicer"]
[Result "0-1"]
[WhiteElo "2163"]
[BlackElo "2300"]
[PlyCount "74"]
[EventDate "2012.11.18"]
[EventRounds "14"]
[EventCountry "ESP"]
[Source "lmi"]
[SourceDate "2012.11.18"]
[WhiteTeam "Pueblo Nuevo"]
[BlackTeam "64 Villalba"]
[WhiteTeamCountry "ESP"]
[BlackTeamCountry "ESP"]

1. Nf3 Nf6 2. c4 g6 3. g3 Bg7 4. Bg2 O-O 5. O-O d6 6. d4 c6 7. Nc3 Qb6 8. b3
Qa6 9. Qd3 Nbd7 10. e4 e5 11. d5 cxd5 12. Nxd5 Nxd5 13. Qxd5 Nc5 14. Re1 Nxb3
15. axb3 Qxa1 16. Qxd6 Qa5 17. Bb2 Bg4 18. b4 Qa2 19. Nxe5 Rad8 20. Qe7 Qxb2
21. Nxg4 Bc3 22. Rf1 Qxb4 23. Qxb4 Bxb4 24. Rb1 Bc3 25. Rxb7 a5 26. e5 Rd1+ 27.
Bf1 Bd4 28. Kg2 a4 29. c5 Bxc5 30. Bc4 Kg7 31. e6 Rd2 32. Ne5 Rxf2+ 33. Kh3 Rc2
34. Nxf7 Kf6 35. Bd5 Bg1 36. Kg4 Rf2 37. h4 h5+ 0-1

[Event "Liga Madrileña - DH 2012-2013"]
[Site "Madrid ESP"]
[Date "2013.02.24"]
[Round "11.15"]
[White "Rioboo de la Riva, Alvaro"]
[Black "Nieto de la Cruz, Julio"]
[Result "1-0"]
[WhiteElo "2233"]
[BlackElo "2111"]
[PlyCount "73"]
[EventDate "2012.11.18"]
[EventRounds "14"]
[EventCountry "ESP"]
[Source "lmi"]
[SourceDate "2012.11.18"]
[WhiteTeam "64 Villalba"]
[BlackTeam "Pueblo Nuevo"]
[WhiteTeamCountry "ESP"]
[BlackTeamCountry "ESP"]

1. e4 d6 2. Nc3 g6 3. Bc4 Bg7 4. d3 a6 5. a4 e6 6. f4 Ne7 7. Nf3 d5 8. Bb3 c5
9. O-O Nbc6 10. Qe2 O-O 11. Kh1 Rb8 12. Qf2 b6 13. Qg3 Bb7 14. f5 c4 15. Ba2
Nb4 16. Bf4 Ra8 17. Bc7 Qc8 18. Bd6 dxe4 19. Bxe7 exf3 20. gxf3 Nxa2 21. f6 Re8
22. Rxa2 cxd3 23. cxd3 Qd7 24. Raa1 Qxd3 25. Rad1 Qf5 26. Rd7 Bc8 27. Rd4 Bb7
28. Rf4 Qd3 29. Rd1 Qc2 30. Qg2 Qb3 31. Rfd4 a5 32. Rd7 Bc6 33. Rc7 Rxe7 34.
fxe7 Bxc3 35. Rd8+ Kg7 36. Rxc6 Bd4 37. Rxd4 1-0

[Event "Liga Madrileña - DH 2012-2013"]
[Site "Madrid ESP"]
[Date "2013.02.24"]
[Round "11.16"]
[White "Alvarez Abejon, Amilcar"]
[Black "Lopez del Alamo, Antonio"]
[Result "1/2-1/2"]
[WhiteElo "2095"]
[BlackElo "2241"]
[PlyCount "84"]
[EventDate "2012.11.18"]
[EventRounds "14"]
[EventCountry "ESP"]
[Source "lmi"]
[SourceDate "2012.11.18"]
[WhiteTeam "Pueblo Nuevo"]
[BlackTeam "64 Villalba"]
[WhiteTeamCountry "ESP"]
[BlackTeamCountry "ESP"]

1. d4 Nf6 2. c4 g6 3. Nc3 Bg7 4. e4 d6 5. Nf3 O-O 6. h3 e5 7. dxe5 dxe5 8. Qxd8
Rxd8 9. Bg5 Nbd7 10. Rd1 Rf8 11. Nd5 c6 12. Ne7+ Kh8 13. Nxc8 Raxc8 14. Be2 Nc5
15. Bxf6 Bxf6 16. Nd2 Bg5 17. Nf3 Bf6 18. Nd2 Rfe8 19. b4 Na4 20. Rc1 c5 21. a3
Bg5 22. Rc2 Bxd2+ 23. Rxd2 Rc7 24. O-O Kg7 25. Rc1 Nb6 26. Kf1 Nd7 27. Bd1 Nf8
28. Rd5 f6 29. Rxc5 Rxc5 30. bxc5 Ne6 31. Ba4 Rb8 32. c6 Nc5 33. Rb1 b6 34. c7
Rc8 35. Bc6 Rxc7 36. Bd5 f5 37. exf5 gxf5 38. g4 Kf6 39. f3 Kg5 40. Ke2 Kf4 41.
gxf5 Kxf5 42. Rg1 Kf6 1/2-1/2

[Event "Liga Madrileña - DH 2012-2013"]
[Site "Madrid ESP"]
[Date "2013.02.24"]
[Round "11.21"]
[White "Candela Perez, Jose"]
[Black "Valles Moreno, Ivan"]
[Result "1-0"]
[WhiteElo "2393"]
[BlackElo "2382"]
[PlyCount "57"]
[EventDate "2012.11.18"]
[EventRounds "14"]
[EventCountry "ESP"]
[Source "lmi"]
[SourceDate "2012.11.18"]
[WhiteTeam "Casa del Ajedrez"]
[BlackTeam "Amigos del Retiro"]
[WhiteTeamCountry "ESP"]
[BlackTeamCountry "ESP"]

1. d4 Nf6 2. c4 g6 3. Nc3 Bg7 4. e4 d6 5. Nf3 O-O 6. Be2 Nbd7 7. Be3 Ng4 8. Bg5
h6 9. Bh4 c5 10. O-O cxd4 11. Nxd4 Ngf6 12. Qd2 Qb6 13. Rad1 Re8 14. Kh1 a5 15.
f4 a4 16. Ndb5 Qa5 17. Qe3 Nc5 18. e5 Ng4 19. Qg3 dxe5 20. Bxg4 exf4 21. Qxf4
Bxg4 22. Qxg4 a3 23. b4 Qxb4 24. Nd5 Qa4 25. Nxe7+ Kh7 26. Rxf7 Rxe7 27. Rxe7
h5 28. Qe2 Rf8 29. Rf1 1-0

[Event "Liga Madrileña - DH 2012-2013"]
[Site "Madrid ESP"]
[Date "2013.02.24"]
[Round "11.22"]
[White "Vallejo Diaz, Javier"]
[Black "Gallego Jimenez, Victoriano"]
[Result "1/2-1/2"]
[WhiteElo "2401"]
[BlackElo "2385"]
[PlyCount "65"]
[EventDate "2012.11.18"]
[EventRounds "14"]
[EventCountry "ESP"]
[Source "lmi"]
[SourceDate "2012.11.18"]
[WhiteTeam "Amigos del Retiro"]
[BlackTeam "Casa del Ajedrez"]
[WhiteTeamCountry "ESP"]
[BlackTeamCountry "ESP"]

1. e4 c5 2. Nf3 g6 3. g3 Nc6 4. Bg2 Nf6 5. d3 Bg7 6. O-O d6 7. Nbd2 O-O 8. Re1
Nd7 9. a4 b6 10. Nf1 Ba6 11. Ne3 Nde5 12. Nd2 Nb4 13. Ra3 Rc8 14. f4 Nec6 15.
Ndc4 e6 16. c3 d5 17. exd5 Nxd5 18. Nxd5 exd5 19. Ne5 Nxe5 20. fxe5 d4 21. c4
Qd7 22. Bf4 Bb7 23. Ra1 Rce8 24. Qd2 Bxg2 25. Qxg2 Qf5 26. Qe4 Qxe4 27. Rxe4
Re6 28. Rae1 Rfe8 29. Kf2 h6 30. g4 Bf8 31. Kf3 Kg7 32. Ra1 a5 33. Rae1 1/2-1/2

[Event "Liga Madrileña - DH 2012-2013"]
[Site "Madrid ESP"]
[Date "2013.02.24"]
[Round "11.23"]
[White "Bass, Leonid"]
[Black "Garcia Cuenca, Victor Manuel"]
[Result "1/2-1/2"]
[WhiteElo "2419"]
[BlackElo "2346"]
[PlyCount "33"]
[EventDate "2012.11.18"]
[EventRounds "14"]
[EventCountry "ESP"]
[Source "lmi"]
[SourceDate "2012.11.18"]
[WhiteTeam "Casa del Ajedrez"]
[BlackTeam "Amigos del Retiro"]
[WhiteTeamCountry "ESP"]
[BlackTeamCountry "ESP"]

1. d4 Nf6 2. c4 c5 3. d5 b5 4. cxb5 a6 5. bxa6 g6 6. Nc3 Bxa6 7. g3 Bg7 8. Bg2
d6 9. Nf3 Nbd7 10. Rb1 Nb6 11. b3 Bb7 12. Nh4 O-O 13. O-O Qd7 14. Qd2 Rfc8 15.
Bb2 Ne8 16. e4 Nc7 17. Rfe1 1/2-1/2